[Event "ROM-ch49 Final"]
[Site "Timisoara"]
[Date "1985.12.??"]
[Round "?"]
[White "Stanciu, Traian"]
[Black "Ionescu, Constantin"]
[Result "1-0"]
[WhiteElo "2355"]
[BlackElo "2420"]
[Annotator "Stefanov,P/Primel,D"]
[PlyCount "57"]
[EventDate "1985.12.??"]
[EventType "swiss"]
[EventRounds "11"]
[EventCountry "ROU"]
[SourceTitle "EXT 2020"]
[Source "ChessBase"]
[SourceDate "2019.10.17"]
[SourceVersion "1"]
[SourceVersionDate "2019.10.17"]
[SourceQuality "1"]

1. e4 c5 2. Nf3 e6 3. d4 cxd4 4. Nxd4 a6 5. Bd3 Nf6 6. O-O d6 7. c4 g6 8. Nc3
Bg7 9. Bg5 (9. Be3) 9... O-O 10. Qd2 Nbd7 11. Rad1 {[%csl Rd6]} Qc7 12. Be2 $1
$146 (12. b3 b6 {Gruen,P-Groenegress,W NRW-ch Brilon 1980 (1) 1-0}) 12... Nc5
13. f3 Bd7 14. Nc2 {[%csl Rd6]} Bc6 15. Kh1 $1 (15. Qxd6 Qb6 16. Be3 Qxb2 {
Stefanov Revista Română de Șah – Nr. 03/1986}) 15... Ne8 (15... Rfd8 $6
16. Qf4 Qe7 17. Qh4 $1 {/\ Ne3-g4}) 16. Nd4 $1 $16 f6 17. Be3 e5 18. Nxc6 Qxc6
19. Nd5 $36 {[%csl Gd5][%cal Gd5e7]} Rf7 20. b4 Nd7 (20... Ne6 21. b5) 21. c5
$1 dxc5 22. Bc4 $40 {[%csl Rf7,Rg8][%cal Gc4g8]} Bf8 23. Nc7 Qxc7 24. Qxd7 Qxd7
25. Rxd7 Nd6 26. Bxf7+ Nxf7 27. bxc5 Rc8 28. Rxb7 Bxc5 29. Rc1 1-0

[Event "Europe-Tartarstan m"]
[Site "Kazan"]
[Date "2001.08.16"]
[Round "2"]
[White "Khalifman, Alexander"]
[Black "Rublevsky, Sergei"]
[Result "1-0"]
[WhiteElo "2700"]
[BlackElo "2639"]
[Annotator "Stohl,I"]
[PlyCount "91"]
[EventDate "2001.08.15"]
[EventType "team"]
[EventRounds "2"]
[EventCountry "RUS"]
[SourceTitle "CBM 085"]
[Source "ChessBase"]
[SourceDate "2001.11.13"]
[SourceVersion "1"]
[SourceVersionDate "2001.11.13"]
[SourceQuality "1"]

1. e4 {Ribli} c5 2. Nf3 e6 3. d4 cxd4 4. Nxd4 a6 5. Bd3 ({After} 5. Nc3 {
Rublevsky often transposes from the Paulsen to the Scheveningen with} Qc7 6.
Be2 Nf6 7. O-O d6 8. f4 Be7) 5... Nf6 (5... Nc6 {is a rather passive
alternative:} 6. Nxc6 dxc6 7. Nd2 e5 8. Nc4 Nf6 9. O-O Qc7 10. Bd2 $5 b5 (10...
Bg4 11. Qe1 b5 12. Ne3 Bc5 13. Nxg4 Nxg4 14. Qe2 Nf6 15. b4 Bb6 16. c4 Bd4 17.
Rac1 Qd6 18. Bc2 O-O 19. Bb3 Rfd8 20. Rc2 Rd7 21. Rfc1 Rc7 22. g3 h6 23. Kg2
Rac8 24. a4 $14 {Leko,P-Khalifman,A/Budapest m/2000/}) 11. Ba5 Qb8 12. Nb6 Ra7
13. Nxc8 Qxc8 14. a4 Rd7 15. Qe2 Qb8 16. c4 b4 17. c5 Bxc5 18. Rac1 Bb6 19.
Bxb4 Bxf2+ 20. Rxf2 Qxb4 21. Rxc6 Ke7 $1 $13 {Reefat,S-Miezis,N/Dhaka/2001/}) (
{More popular are other moves as} 5... g6) (5... Bc5 {or}) (5... Qb6 $5) 6. O-O
d6 7. c4 {Ribli: 'Das ist eine für Weiß typische Fortsetzung und eigentlich
die Hauptidee in der Variante mit 5.Bd3. Mit diesem Zug verschafft sich Weiß
dauerhaften Raumvorteil.'} (7. Nc3 {Ribli Dieser Zug wird seltener gespielt.
Die Idee besteht hier in der schnellen Entwicklung der Figuren und im Aufbau
einer Angriffsstellung.}) 7... Bd7 {Rublevsky's pet move, which he used even
after this game. Ribli: 'Das ist Rublevskys Lieblingsvariante - Schwarz will
anschließend Bc6 spielen und seine Entwicklung mit Be7 und 0-0 beenden.'} (7...
g6 8. Nc3 Bg7 {or}) (7... Be7 {leads to typical Hedgehog positions.}) 8. Nc3
Nc6 9. Nxc6 {White doesn't want to commit his Bc1 yet.} ({After} 9. Be3 {
White has to reckon not only with normal development, but also the more complex
} Ne5 10. Be2 Be7 11. f4 Ng6 12. Qe1 O-O 13. Kh1 Kh8 14. Qg3 Qa5 15. Nb3 Qc7
16. Rac1 Rac8 17. h4 h5 18. Nd4 Qa5 19. Nb3 Qd8 20. Rcd1 Qc7 $13 21. Nd4 Qa5
22. Nb3 Qc7 {1/2,Leitao,R-Milov,V/Buenos Aires/2000/}) (9. Be3 {Ribli}) (9. Nc2
{Ribli}) 9... Bxc6 10. b4 $1 {'!?' Ribli. The idea behind this move is twofold:
White gains space and b5 hangs in the air, as Black will need d7 for his N.
The Bc1 will be developed to the long diagonal, while Black's Q is denied the
important a5-square: Ribli: 'Eine aggressive Fortsetzung - Schwarz muss nun
mit b4-b5 rechnen.'} (10. b3 Be7 11. Bb2 O-O 12. Qe2 Qa5 $1 13. f4 (13. a3 Rfe8
14. Rad1 Rac8 15. b4 Qh5 16. Qd2 Red8 17. Rfe1 Be8 18. Re3 Qg5 19. Ne2 {
1/2-1/2 Psakhis,L-Rublevsky,S/Polanica Zdroj 1997/CBM 61 (19)}) 13... Qh5 $132
{The Q-exchange helps the defence and an attempt to avoid it} 14. Rf3 (14. Qxh5
Nxh5 15. Rad1 Rfd8 16. Be2 Nf6 17. Bf3 Nd7 18. Ba3 Nc5 19. Kf2 b6 20. Rd2 {
1/2-1/2 Almasi,Z-Rublevsky,S/Niksic 1997/CBM 59 ext (20)}) 14... Rfe8 $142 $5
$13 {[%cal Rd6d5] /\d5<=> leads to an unclear position.} (14... d5 $6 15. exd5
Bc5+ 16. Kh1 exd5 17. Nxd5 $36 {/\} Ng4 $2 18. Rh3 Nf2+ 19. Qxf2 Qxh3 20. Qxc5
Qxd3 21. Ne7+ Kh8 22. Bxg7+ Kxg7 23. Qg5+ $18)) ({After} 10. Qe2 Be7 11. Rd1 {
'!?' Ribli. the Qa5-h5 manoeuvre is not so effective, but also the R on d1 is
not well posted for a >>->.} (11. b4 $5 {Ribli} O-O 12. Rd1 (12. Bb2 $5) 12...
Qc7 13. Bf4 b6 14. b5 axb5 15. cxb5 Bb7 16. Rac1 Qb8 {1/2-1/2 Reinaldo
Castineira,R-Kovacevic,S/Dos Hermanas 2000/CBM 75 ext (24)}) 11... Nd7 12. Bf4
O-O (12... b6 $5) (12... Ne5 $142 $5) 13. Bc2 Qc7 14. Nd5 $5 Bxd5 15. cxd5 e5
16. Be3 Rfc8 17. Rdc1 Qd8 18. Qd2 h6 19. Bd1 Nf6 20. Qb4 Qd7 21. h3 Bd8 22. Bf3
Kh7 23. a4 Be7 24. b3 Rxc1+ 25. Rxc1 Rc8 26. Rc4 $14 {Rasik,V-Rublevsky,S/
Ostrava/1992/}) (10. a4 {Ribli} b6 11. Be3 Be7 12. f3 O-O 13. Qd2 Qb8 14. Rfd1
Rc8 15. Bf1 Nd7 {1/2-1/2 Ivanchuk,V-Rublevsky,S/Montecatini Terme 2000/CBM 79
no vc (25)}) 10... b6 {Ribli: 'Ein sinnvoller prophylaktischer Zug - jetzt
kann Schwarz nach b4-b5 Bb7 spielen.'} (10... Be7 {is possible, but the text
is sooner or later necessary anyway.}) (10... g6 11. Bf4 $5 $32 {is playing
with fire.}) (10... Be7 {Ribli} 11. b5 Bd7 12. a4 O-O 13. Be3 Qc7 14. a5 axb5
15. Bb6 Qc8 16. Nxb5 Bc6 17. Na7 Qd7 18. Nxc6 Qxc6 19. Qa4 {1/2-1/2
Lobzhanidze,D-Lastin,A/Kstovo 1997/CBM 59 (24)}) 11. Bb2 Be7 12. Qe2 O-O 13.
Rad1 $14 {[%cal Re4e5] (),|^>>,/\e5 Ribli: 'Weiß hat Raumvorteil und
Initiative - es droht 14.e5, Schwarz muss daher entweder mit 13...Qc7 oder 13..
.Nd7 reagieren. '} ({Too soft is} 13. a3 Nd7 14. Rad1 Re8 15. f4 Qc7 16. Bb1
Bf8 17. Qc2 g6 18. Qd2 Bb7 {Ribli: '1/2-1/2 Lutz,C-Milov,V/Pula 2000/CBM 77 
(24)'} 19. Bd3 Rad8 20. Kh1 Bg7 21. Rc1 Nf6 22. Qe2 Nh5 23. Qf2 Bh6 24. Qh4 Bg7
$132 {1/2,Lutz,C-Milov,V/Pula zt/2000/}) 13... Nd7 ({Later Black came up with} 
13... Qc7 14. f4 Rac8 ({White's tactical chances are well illustrated by} 14...
Rad8 $6 15. Kh1 Bb7 16. Rf3 g6 17. Rh3 Nd7 $2 18. Nb5 $1 {1-0,Kindermann,
S-Thesing,M/Bundesliga 0001/2001/ Ribli: '1-0 Kindermann,S-Thesing,M/Bremen
GER 2001 (18)'} (18. Nd5 $1 $18 {Ribli}) 18... axb5 19. Qh5 $1 $18 {'!!' Ribli.
}) 15. Rf3 Rfd8 16. Rh3 h6 17. Rg3 Bb7 18. a3 a5 19. e5 dxe5 20. fxe5 Ne8 21.
Nb5 Qb8 22. Rf1 (22. Nd6 $5 $36) 22... axb4 23. Qh5 Bc5+ 24. Kh1 Rd7 25. axb4
Bxb4 26. Nd6 Bxd6 27. exd6 Qxd6 28. Qxh6 f5 $15 {Luther,T-Rublevsky,S/WChT
Yerevan/2001/}) 14. f4 Bb7 $146 {Formally this is new.} (14... Rc8 15. Kh1 ({
The better} 15. Rf3 $142 Bb7 16. Rh3 {leads to a position, which could have
been also in the game}) 15... Bb7 16. a3 Qc7 17. e5 dxe5 18. fxe5 Rcd8 19. Nb1
a5 20. Bc3 Nb8 21. Nd2 axb4 22. axb4 Nc6 23. Bb1 Nd4 24. Qe3 Nf5 25. Bxf5 exf5
26. Rxf5 Qc6 $44 {Kaiumov,D-Rublevsky,S/Cheliabinsk/1993/}) ({Premature is} 
14... Bf6 $2 15. Bc2 Qc7 16. Qd3 $16 {[%cal Rd3d6,Re4e5] /\Qd6,e5}) (14... Qc7
{Ribli}) (14... Rc8 {Ribli}) 15. Rf3 {'+/=' Ribli. Ribli: 'Ein typisches
Turmmanöver - Weiß bereitet 16.Rh3 vor, mit direktem Angriff auf den schwarzen
König.'} g6 {Ribli: 'Ein vielseitiger Zug - Schwarz verteidigt sich im voraus
gegen Drohungen auf h7 und bereitet das Manöver Bf6-Bg7 vor.'} 16. Rh3 Bf6 $2 {
This serious tactical mistake enables White to realize the central break with
tempi and get a strong attack.} ({More or less necesary was} 16... Rc8 $1 {
Now forcing moves as} 17. e5 $6 (17. Nd5 $2 exd5 18. Qh5 gxh5 19. Rg3+ Bg5)
17... dxe5 18. Be4 Qc7 {lead nowhere and although the Q still can't go to its
natural square on c7, Black has other useful moves at his disposal (Re8, Bf8).}
) (16... Qc7 $2 17. Nb5 $1 (17. Nd5 $1 $18) 17... Qd8 (17... axb5 18. Qh5 $1
$18) 18. Nxd6 $1 $18 {/\} Bxd6 19. Qh5 Re8 (19... gxh5 {Ribli} 20. Rg3+ $18)
20. Qxh7+ Kf8 21. Qh6+ Ke7 22. Qg5+ {mates.}) 17. e5 $1 $40 {[%mdl 128] '!'
Ribli. Very strong due to Black's misplaced forces. Ribli: 'Dieses
vorübergehende Bauernopfer öffnet die d-Linie und ermöglicht den Schwenk des
Rh3 nach d3.'} dxe5 18. Be4 Qc7 (18... Bxe4 $143 19. Nxe4 Bg7 20. Rhd3 Ra7 21.
Bxe5 $16 {/+- and Black is completely paralyzed.} (21. Qd2 $2 Qa8) (21. Bxe5 {
Ribli} f6 22. Bd6 $16)) (18... Ra7 19. Bxb7 (19. Rhd3 $6 Bc8 {/\} 20. Bc6 exf4
21. Qd2 Qe7 $13) 19... Rxb7 20. Ne4 $40 {'+/-' Ribli.}) 19. Bxb7 Qxb7 20. Ne4 {
Ribli: 'Droht 21.Rxd7 und 22.Nxf6+.'} Bg7 (20... Be7 21. fxe5 (21. Rhd3 $14 {
Ribli}) 21... Qc7 22. Qe3 $1 {[%cal Re3h6] /\Qh6} Rfd8 23. Nd6 Nf8 24. c5 $16 {
[%cal Gf1f8] /+-,-><->f} (24. Rf1 $5)) 21. fxe5 {[%cal Rh3d3] /\Rhd3 Keeps the
N options open.} (21. Rhd3 Nf6 22. Nd6 Qc6 23. fxe5 Ne8 $16 {is somewhat
easier to play for Black.}) 21... Qc7 {Black must attack the [+] wedge.} (21...
Nxe5 $2 22. Nd6 $18) (21... Bxe5 $2 {Ribli} 22. Bxe5 Nxe5 23. Nf6+ $18) 22.
Nf6+ Bxf6 ({Losing by force is} 22... Nxf6 $2 23. exf6 Bh8 24. Qe3 {'!?' Ribli.
} (24. Be5 $16 {Ribli}) 24... Rfd8 (24... h5 25. Rxh5 gxh5 26. Qg5+ Kh7 27.
Qxh5+ Kg8 28. Qg5+ Kh7 29. Rd4 $18) 25. Qh6 {'!?' Ribli.} (25. Rxd8+ {Ribli}
Qxd8 26. Qh6 Qd1+ (26... Bxf6 27. Bxf6 Qxf6 28. Qxh7+ Kf8 29. Qh8+ Ke7 (29...
Qxh8 30. Rxh8+ $18) 30. Qxa8 Qd4+ 31. Kf1 Qxc4+ 32. Kf2 Qc2+ 33. Ke3 (33. Kg3
Qc7+ $11) 33... Qc3+ $11) 27. Kf2 Qc2+ 28. Ke3 $18) 25... Rxd1+ 26. Kf2 Rd2+
27. Ke1 Re2+ (27... Rd1+ 28. Kxd1 Qd8+ 29. Kc2 Bxf6 30. Bxf6 Qxf6 31. Qxh7+ Kf8
32. Qh8+ $18) 28. Kxe2 (28. Kf1 {Ribli} Qf4+ 29. Qxf4 Rxb2 $16) 28... Qxc4+ 29.
Ke3 Bxf6 30. Bxf6 {'+-' Ribli.} Qc1+ 31. Ke2 $18) 23. exf6 {Black has somehow
managed to keep his posiiton from falling apart completely, but the threat
Qe3-h6 forces a further weakening. Ribli: 'Nach Vereinfachungen behält Weiß
großen Raumvorteil. Der Nd7 steht schlecht, zudem hat Schwarz Probleme am
Königsflügel. '} e5 24. Rf3 $1 {White still has use for his advanced pawn and
doesn't want to give Black any <=> after e.g.} (24. Rhd3 Nxf6 25. Rd6 (25. Bxe5
Rae8 $1 (25... Qe7 26. Re3 Rfd8 (26... Rfe8 27. Rdd3 $1 $18) 27. Rf1 Ne8 28.
Bf6 $1 $18) 26. Bxc7 Rxe2 27. Bxb6 Rxa2 $16 {/+/=}) 25... Qe7 26. Rxb6 Rfd8 $16
{We will see a similar prudent decision from Khalifman 12 moves later.}) 24...
Rfd8 25. Rd5 {[%csl Re5][%cal Gd1d8] White switches his attention from mating
Black's K to the d-file and the ><e5.} (25. Qe3 $2 Qxc4 26. Qh6 Nxf6 $19) 25...
h5 (25... Rac8 26. Qd2 Kf8 27. Rfd3 $1 Ke8 28. Re3 Qxc4 29. Bxe5 $18 {->}) 26.
Rfd3 {'+/-' Ribli. Ribli: 'Droht 27.Qd2 oder 27.Qd1 mit sofortigem Gewinn.'}
Nf8 {With the R on d8} (26... Nxf6 $2 {loses a piece after} 27. Qxe5 $1 Qxe5
28. Rxd8+ Qe8 29. Bxf6 $18) (26... Qxc4 $2 {Ribli} 27. Qd2 $18) 27. Qxe5 (27.
Bxe5 $6 {Ribli} Qxc4 $14) 27... Qxe5 (27... Rxd5 {Ribli} 28. cxd5 (28. Qxc7 $6
Rxd3 $14) (28. Qxd5 $16) 28... Qc2 29. Qd4 $16) 28. Bxe5 Rxd5 29. Rxd5 {
Ribli: 'Weiß hat einen Mehrbauern und die aktivere Figurenstellung.'} Ne6 (
29... Rc8 {Ribli} 30. c5 $16) 30. c5 {Ribli: 'Weiß mobilisiert seine
Bauernmehrheit. Schwarz hat kaum noch Rettungschancen.'} bxc5 31. bxc5 Rc8 32.
Bd6 g5 33. Kf2 $18 {[%mdl 4096] Although the c-pawn is temporarily blockaded,
White's pieces are more active and most importantly Black's K can't
effectively join in. Khalifman convincingly hauls in the point.} Kh7 34. Be7 {
Ribli: 'Der Be7 steht gut und verteidigt gleichzeitig die Bauern auf c5 und f6.
'} Kg6 35. Ke3 {Ribli: 'Der weiße König strebt nach c4, um den Rd5 von der
Verteidigung des Pc5 zu entbinden.'} Rb8 36. Rd2 $1 {A rational prophylactic
decision. White is not interested in any complications after} (36. c6 Rb1 $142
$1 (36... Rb2 37. Rd2) (36... Rc8 37. Rd6 Kf5 38. Kd3 Ke5 (38... Nf4+ 39. Kd4
Nxg2 40. Kc5 Nf4 41. Kb6 $18) 39. Kc4 $18) 37. Rc5 Rb2 38. c7 Nxc7 39. Rxc7
Rxg2 40. a4 Rxh2 $16 {/<=>}) 36... Kf5 (36... Rb4 $142 37. Kd3 $1 (37. c6 $6
Rc4 {or}) (37. Rc2 Nd4 {lead nowhere}) 37... Rd4+ (37... Kf5 38. Kc3 {with the
game position}) 38. Kc3 Rxd2 39. Kxd2 Kf5 (39... Nd4 40. Kd3 Nc6 41. Ke4 $18)
40. Kc3 Ke5 41. Kb4 Kd5 42. Ka5 Kc6 43. Kxa6 $18 {and any possible black <=>
is too slow.}) (36... Rc8 37. Rc2 (37. h3 $16 {Ribli}) 37... Kf5 38. Kd3 $18 (
38. c6 $2 Ke5 {[%csl Rc6] costs White the c-P})) 37. Kd3 {The rest is easy,
White's K decides, as Black's K can't stop him.} Rb4 (37... Ke5 $4 38. Bd6+ $18
) 38. Kc3 Rb1 (38... Ra4 {Ribli} 39. c6 $18 (39. Kb3 $18)) 39. Kc4 Rc1+ 40. Kd5
{'+-' Ribli. Ribli: 'Der Mehrbauer auf c5 entscheidet - dank der Unterstützung
durch seinen König - die Partie.'} h4 41. c6 g4 {Ribli: 'Schwarz sucht etwas
Gegenspiel am Königsflügel, aber kann dort keine Drohungen aufbauen.'} 42. Kd6
g3 43. hxg3 hxg3 44. Kd7 Rc3 45. Bd6 Kxf6 46. c7 (46. c7 {Ribli} Nxc7 47. Bxc7
$18) 1-0

[Event "Nordic zt"]
[Site "Ostersund"]
[Date "1992.??.??"]
[Round "5"]
[White "Ernst, Thomas"]
[Black "Hjartarson, Johann"]
[Result "0-1"]
[WhiteElo "2540"]
[BlackElo "2580"]
[Annotator "Tisdall,J"]
[PlyCount "118"]
[EventDate "1992.??.??"]
[EventType "swiss"]
[EventRounds "9"]
[EventCountry "NOR"]
[SourceTitle "CBM 031"]
[Source "ChessBase"]
[SourceDate "1992.12.01"]
[SourceVersion "1"]
[SourceVersionDate "1992.12.01"]
[SourceQuality "1"]

{Another critical game. Hjartarson appears to be trouble but manages to whip
up ingenious counterplay in the ending.} 1. e4 c5 2. Nf3 e6 3. d4 cxd4 4. Nxd4
a6 5. Bd3 Nf6 6. O-O Qc7 7. Qe2 d6 8. c4 g6 {A compromise opening -- Ernst is
a noted theoretician, so an offbeat Sicilian seems a sensible choice as far as
sharpening play goes.} 9. Nc3 Bg7 10. Nf3 O-O 11. Bf4 Ng4 {The Nf6 sets out to
defend the d-pawn by blockading on e5, leaving the Nb8 to guard d4.} 12. Rac1
Ne5 13. Rfd1 Nbc6 14. b3 {Thanks to the weakness of the d-pawn white does not
have to worry about a cap ture on d3 and the loss of the B-pair.} Qe7 {Fleeing
possible unpleasantness involving Nd5 opening the c-file.} 15. Bb1 Rb8 16. Kh1
b6 17. Bg5 f6 (17... Qc7 18. Nd5 {is to be avoided.}) 18. Be3 Kh8 {Perhaps
black would have saved time with} (18... Nxf3 19. Qxf3 Ne5 20. Qe2 f5) 19. Nd4
Nxd4 20. Bxd4 Nc6 21. Be3 f5 22. Qd2 Rd8 23. f3 Ne5 24. Bg5 Bf6 25. Bxf6+ Qxf6
26. Qd4 {Combining threats along the a1-h8 diagonal with ideas of bringing
pressure to bear on b6. Black does not want to play ...b5 if it is associated
with a N in vasion to b6 and Rs entering the c-file.} Kg7 (26... f4 $6 27. Na4
$16) 27. Na4 Nf7 28. Qe3 fxe4 $1 {The beginning of a long and resourceful
defence under pressure. It looks odd to invite the B into the center, but
black's additional influence in the cente r means that now the possibility of .
..d5 will create counterplay.} 29. Bxe4 b5 30. Qa7 Bb7 (30... Bd7 $5 {was an
interesting alternative, leading to sharp complications, eg:} 31. Nb6 (31. cxb5
Bxb5 (31... d5 $5) (31... axb5 32. Nb6 Be8) 32. Rxd6) 31... Be8 32. Qxa6 (32.
Rxd6 $2 Qf4) 32... bxc4 33. bxc4 d5 $132) 31. Bxb7 bxa4 32. bxa4 Qe7 33. Rb1 a5
{For a minimal investment black has tidied up his position a great deal. The
only dangers are that his a-pawn will be weak or the B much stronger than the
N.} 34. Qd4+ Qf6 35. Rb5 Qxd4 36. Rxd4 Kf6 37. f4 Rd7 38. Bc6 Rdd8 39. h3 Rbc8
40. Rb6 Rb8 41. Ra6 {Having passed the time control, Ernst decides to embark
on the sharpest course . 41.Rb5 and Bf3 looks like a safe way to play, hoping
to utilize the B.} Rb1+ 42. Kh2 Rc8 $1 {Forcing the B further out of play.} 43.
Bb5 Rb2 44. Rxa5 h5 $1 {Preparing the attack. Black's pieces are all efficient,
and white's K is cut off from assistance, so white must tread carefully.} 45.
Ra7 {[#]} g5 $1 {The beginning of a surprisingly virulent attack. Although
almost everyone watc hing assumed Ernst would find a concrete solution to the
coming assault, the difficulties prove too much.} 46. fxg5+ Nxg5 47. Rxd6 Nf3+
48. Kg3 Ne5 {Preparing Rg8+ and preventing Rxe6+!.} 49. Raa6 {A bit risky.
After} (49. Bd7 {white seems to be slightly better. The sharp lines appear to
fall short, thoug h black will have drawing chances in double rook endings.}
h4+ 50. Kxh4 Rh8+ (50... Rxc4+ 51. Kh5 (51. g4 Ng6+ 52. Kh5 Nf4+ 53. Kh6 Rh2 $5
{is a messy possibility.})) 51. Kg3 Rg8+ 52. Kf4) 49... Kg5 $1 {This nasty
move had escaped the discussion of the game which took place while the players
struggled on. It also had escaped Ernst.} 50. Rd1 $2 {White must cope with the
threat of ...h4+, Nf3+ and Rb1# but this looks passiv e to me. Alternatives
are also frightening, but after} (50. h4+ {the white king gains some valuable
lebensraum.} Kf5 51. Bc6 (51. Rxe6 $2 Rg8+ 52. Kh3 Rbxg2 53. Rf6+ Ke4 {and
R8g3 mate cannot sensibly be prevented.}) 51... Rg8+ 52. Kh3 Nxc6 (52... Rxa2
$5 {and black's attack is worth the material, but not more.}) 53. Raxc6 Rbxg2
54. Rd3 {defends.}) 50... Rg8 51. Rf1 h4+ 52. Kh2 Kh5 53. Kh1 (53. Bc6 $4 Nxc6
54. Rxc6 Rgxg2+ 55. Kh1 Rh2+ 56. Kg1 Rbg2#) 53... Rgxg2 54. Be8+ Kg5 55. Rg1
Rg3 $1 {Threatening Rh2+!} 56. Rxg3+ hxg3 57. Ra5 Kf4 58. Bh5 Rb1+ 59. Kg2 Nxc4
0-1

[Event "Wch U16"]
[Site "Porto Carras"]
[Date "2015.11.03"]
[Round "10"]
[White "Fawzy, Adham"]
[Black "Vogel, Roven"]
[Result "0-1"]
[WhiteElo "2483"]
[BlackElo "2417"]
[Annotator "Vogel,R"]
[PlyCount "96"]
[EventDate "2015.10.25"]
[EventType "tourn"]
[EventRounds "11"]
[EventCountry "GRE"]
[SourceTitle "CBM 170"]
[Source "ChessBase"]
[SourceDate "2016.01.15"]
[SourceVersion "1"]
[SourceVersionDate "2016.01.15"]
[SourceQuality "1"]

{Zur WM 2014 verlor ich gegen Adham und wollte deshalb diesmal unbedingt
gewinnen.} 1. e4 c5 2. Nf3 e6 3. d4 cxd4 4. Nxd4 a6 5. Bd3 Ne7 {
"Patzer-Paulsen"} 6. c4 Nbc6 7. Be3 Nxd4 8. Bxd4 Nc6 9. Bc3 Qg5 $6 (9... Bc5
10. Qg4 Nb4 $1 $11) 10. O-O Bc5 11. Nd2 e5 12. a3 d6 13. b4 Ba7 14. Kh1 Bg4 15.
Be2 h5 16. Nb3 Rd8 17. b5 Ne7 18. Ba5 Rd7 19. b6 Bb8 20. Bd2 Qg6 21. f3 Be6 22.
Be3 h4 23. Bf2 f5 24. Qc2 h3 25. g3 Rf8 $6 {Dieser Moment, wenn du kurz
nachdem du ...Rf8 gezogen hast, bemerkst, dass du auch noch rochieren durftest.
} 26. Be3 fxe4 27. fxe4 Ng8 28. Nd2 Nf6 29. Rad1 d5 {Sehr Gewaltsam. In der
Partie war es mir verdammt wichtig, dass der Läufer auf b8 wieder zum Leben
erweckt wird, weshalb ich dies als meine beste Chance ansah, diesen Plan
umzusetzen.} 30. Bd3 $2 (30. cxd5 Bxd5 31. Kg1 $1 {Diesen Zug hatte ich nicht
beachtet. Ich hatte mir eher Gedanken über die Folgen von Qc8+ gemacht, sodass
dieser Zug sehr überraschend für mich gekommen wäre.}) 30... d4 31. Bg1 Rd8 {
Das Einzige was Schwarz jetzt noch in den Griff zu bekommen hat, ist sich
gegen c5 zu stemmen. Dann hat er leichtes Spiel.} 32. c5 Rc8 33. Nb3 Nd7 34.
Rxf8+ Kxf8 35. Rc1 Ke7 36. Nxd4 {Verzweiflungstat meines Gegners. Doch auch so
war es schon sehr schwierig, da der Bauer c5 sonst irgendwann fällt.} exd4 37.
Bxd4 Qh5 38. Be2 Bg4 39. Bd3 Be5 40. Be3 Be6 41. Be2 Bg4 42. Bxa6 bxa6 43. c6
Be2 44. Bc5+ Nxc5 45. Qxc5+ Ke8 46. Rc3 Bxc3 47. Qxh5+ Bxh5 48. b7 Rd8 0-1